All the Cities on my World Map-Europe Edition - Statistics

General Stats
  • This quiz has been taken 17 times
    12 since last reset
  • The average score is 46 of 79
Answers on the Map
Answers color-coded by a green-red scale on the quiz's map according to % correct below.
 
Answer Stats
Country City % Correct
Spain Madrid
100%
Spain Barcelona
88%
Portugal Lisbon
88%
United Kingdom London
88%
France Paris
88%
Netherlands Amsterdam
75%
Greece Athens
75%
Germany Berlin
75%
United Kingdom Birmingham
75%
Belgium Brussels
75%
Romania Bucharest
75%
Hungary Budapest
75%
Ireland Dublin
75%
United Kingdom Edinburgh
75%
Germany Frankfurt
75%
United Kingdom Glasgow
75%
Finland Helsinki
75%
Poland Kraków
75%
Luxembourg Luxembourg City
75%
Italy Milan
75%
Belarus Minsk
75%
Germany Munich
75%
Norway Oslo
75%
Portugal Porto
75%
Czech Republic Prague
75%
Iceland Reykjavik
75%
Italy Rome
75%
Spain Sevilla
75%
Bulgaria Sofia
75%
Sweden Stockholm
75%
Estonia Tallinn
75%
Spain Valencia
75%
Austria Vienna
75%
Poland Warsaw
75%
Belgium Antwerp
63%
United Kingdom Belfast
63%
Serbia Belgrade
63%
Switzerland Bern
63%
France Bordeaux
63%
Slovakia Bratislava
63%
Moldova Chisinau
63%
Denmark Copenhagen
63%
Sweden Gothenburg
63%
Germany Hamburg
63%
Slovenia Ljubljana
63%
France Lyon
63%
Latvia Riga
63%
Netherlands Rotterdam
63%
Bosnia and Herzegovina Sarajevo
63%
North Macedonia Skopje
63%
Albania Tirana
63%
Lithuania Vilnius
63%
Croatia Zagreb
63%
Norway Bergen
50%
Poland Gdańsk
50%
Spain Granada
50%
Italy Naples
50%
Italy Palermo
50%
Montenegro Podgorica
50%
Kosovo Pristina
50%
France Toulouse
50%
Italy Turin
50%
France Nice
38%
Spain Bilbao
25%
Germany Bremen
25%
Romania Constanța
25%
France Nantes
25%
Spain Palma
25%
Norway Stavanger
25%
Finland Tampere
25%
Finland Turku
25%
Spain A Coruña
13%
Italy Catania
13%
Germany Leipzig
13%
Finland Oulu
13%
Poland Poznań
13%
Norway Trondheim
13%
Poland Wrocław
13%
Sweden Örebro
0%
No matching quizzes found
Score Distribution
Percent of People with Each Score
Percentile by Number Answered
Your Score History
You have not taken this quiz since the last reset